000 00314nam a2200133Ia 4500
100 _aKernighan/B.W & ritchied
942 _cBK
654 _aC programming language
245 _aC programming language
260 _bPrentice Hall of India
_aNew Delhi
_c1991
300 _a272
546 _aENGLISH
999 _c24853
_d24853